ბათუმის შოთა რუსთაველის სახელმწიფო უნივერსიტეტის ბიბლიოთეკა

ფული : (ბიბ.ჩანაწერი № 56055)

000 -ლიდერი
ფიქსირებული სიგრძის საკონტროლო ველი 00966nam a2200229Ia 4500
001 - საკონტროლო ნომერი
საკონტროლო ველი 23155
003 - საკონტროლო ნომრის იდენტიფიკატორი
საკონტროლო ველი GE_BSU
005 - ბოლო ოპერაციის თარიღი და დრო
საკონტროლო ველი 20230718150635.0
008 - ფიქსირებული სიგრძის მონაცემთა ელემენტები - ზოგადი ინფორმაცია
ფიქსირებული სიგრძის საკონტროლო ველი 181216s1952||||ge |||||||||||||| ||geo||
040 ## - კატალოგიზაციის წყარო
Transcribing agency GE_BSU
041 ## - ენის კოდი
Language code of text/sound track or separate title geo
080 ## - უნივერსალური ათობითი კლასიფიკაციის ინდექსი
Universal Decimal Classification number 821.133.1-31 ზ-79
100 ## - მთავარი ჩანაწერი - პიროვნების სახელი
Personal name ზოლა, ემილ
9 (RLIN) 19410
245 ## - ცნობა სათაურის შესახებ
Title ფული :
Remainder of title რომანი /
Statement of responsibility, etc ემილ ზოლა ; წინასიტყვ. ავტ. მ. კვესელავა ; მთარგმნ. ნუნუ ქადეიშვილი ; რედ. გ. ქიქოძე.
264 ## - წარმოების, გამოცემის, დისტრიბუციის და სხვა ცნობები
გამოცემის, წარმოების, დისტრიბუციის... ადგილი თბილისი :
გამოცემის, წარმოების, დისტრიბუციის... სახელწოდება სახელგამი,
გამოცემის, წარმოების, დისტრიბუციის... თარიღი 1952.
300 ## - ფიზიკური აღწერა
Extent 508 გვ. ;
Dimensions 21სმ.
653 ## - INDEX TERM--UNCONTROLLED
Uncontrolled term ფული : რომანი
700 ## - ADDED ENTRY--PERSONAL NAME
Personal name ქადეიშვილი, ნუნუ
Relator term მთარგმნელი
9 (RLIN) 19411
700 ## - ADDED ENTRY--PERSONAL NAME
Personal name ქიქოძე, გ.
Relator term რედაქტორი
9 (RLIN) 19412
942 ## - ADDED ENTRY ELEMENTS (KOHA)
Koha item type წიგნი
Source of classification or shelving scheme
ეგზემპლარები
ჩამოწერის სტატუსი დაკარგული ეგზემპლარის სტატუსი კლასიფიკაციის წყარო ან თაროზე გაწყობის სქემა დაზიანების სტატუსი არ გაიცემა მუდმივი მდებარეობა (დაცვის ადგილი) ამჟამინდელი ადგილსამყოფელი თაროზე განთავსების ადგილი შეძენის თარიღი ღირებულება, შესყიდვის ნორმალური ფასი სრული შენახვის შიფრი შტრიხკოდი ბოლო ოპერაციის თარიღი ეგზემპლარის მიმდევრობითი ნომერი (კეტერი?) ფასის ძალაში შესვლის თარიღი ეგზემპლარის სახეობა საჯარო შენიშვნა
          ბათუმის შოთა რუსთაველის სახელმწიფო უნივერსიტეტის მთავარი ბიბლიოთეკა ბათუმის შოთა რუსთაველის სახელმწიფო უნივერსიტეტის მთავარი ბიბლიოთეკა წიგნსაცავი 2018-12-17 1.42 821.133.1-31 ზ-79 58596 2018-12-17 58596 2018-12-17 წიგნი 1.42 ₾.